| 000 | 00385nam a2200157Ia 4500 | ||
|---|---|---|---|
| 003 | GCL | ||
| 008 | 140319s9999 xx 000 0 eng d | ||
| 040 |
_aGCL / _cGCL |
||
| 082 | 0 | 4 |
_a576.64 _bV B |
| 100 | 1 | _aVOYLES, BRUCE A. | |
| 245 | 1 | 0 |
_aTHE BIOLOGY OF VIRUSES / _cVOYLES, BRUCE A. |
| 260 |
_a[S.N] : _bMOSBY ، _c1993 |
||
| 300 | _a386 P | ||
| 650 | 0 | 4 | _aVIRUSES |
| 942 |
_2ddc _cBK |
||
| 999 |
_c14097 _d14097 |
||